000 00659cam a22002173a 4500
001 32546
003 PGUSA
005 20140828083714.0
008 100526s2010||||xxu|||||s|||||000 | eng d
040 _aPGUSA
_beng
042 _adc
050 4 _aAP
245 1 4 _aThe Atlantic Monthly, Volume 16, No. 95, September 1865 :
_bA Magazine of Literature, Art, and Politics
_h[electronic resource] /
_cVarious
260 _bProject Gutenberg,
_c2010
506 _aPublic domain in the USA.
516 _aElectronic text
653 _aAmerican periodicals
830 0 _aProject Gutenberg
_v32546
856 4 0 _uhttp://www.gutenberg.org/ebooks/32546
942 _cEB
999 _c261801
_d261801